MARC details
| 000 -CABECERA |
| campo de control de longitud fija |
06330nam a2200493Ia 4500 |
| 001 - NÚMERO DE CONTROL |
| campo de control |
dia_4880 |
| 003 - IDENTIFICADOR DEL NÚMERO DE CONTROL |
| campo de control |
CHAP |
| 005 - FECHA Y HORA DE LA ÚLTIMA TRANSACCIÓN |
| campo de control |
20240919184802.0 |
| 007 - CAMPO FIJO DE DESCRIPCIÓN FÍSICA--INFORMACIÓN GENERAL |
| campo de control de longitud fija |
ta |
| 008 - DATOS DE LONGITUD FIJA--INFORMACIÓN GENERAL |
| campo de control de longitud fija |
220117s2012 mx ado frm a001 0 spa d |
| 010 ## - NÚMERO DE CONTROL DE LA BIBLIOTECA DEL CONGRESO |
| Número de control de LC |
170790 |
| 040 ## - FUENTE DE LA CATALOGACIÓN |
| Centro/agencia transcriptor |
CHAP |
| Centro catalogador/agencia de origen |
mxchpua |
| Normas de descripción |
rda |
| 041 0# - CÓDIGO DE LENGUA |
| Código de lengua del texto/banda sonora o título independiente |
spa |
| Código de lengua del sumario o resumen |
eng |
| 090 ## - LOCALMENTE ASIGNADO TIPO-LC NÚMERO DE CLASIFICACIÓN (OCLC); NÚMERO DE CLASIFICACIÓN LOCAL (RLIN) |
| Número de clasificación (OCLC) (R) ; Numero de clasificación, CALL (RLIN) (NR) |
Tesis |
| Número cutter local (OCLC) ; Número de libro/Signatura topográfica íntegra, CALL (RLIN) |
R632 |
| año |
2012 |
| 100 1# - ENTRADA PRINCIPAL--NOMBRE DE PERSONA |
| Nombre de persona |
Rodríguez Herrera, Maricruz |
| 240 10 - TÍTULO UNIFORME |
| Título uniforme |
Nixtamalization of potato tubers (Solanum tuberosum L.) for potato chips production. |
| Lenguaje de la obra |
Español |
| 245 10 - MENCIÓN DE TÍTULO |
| Título |
Nixtamalización de tubérculos de Papa (Solanum tuberosum L.) para la producción de frituras / |
| Mención de responsabilidad, etc. |
Maricruz Rodriguez Herrera |
| 264 ## - PRODUCCIÓN, PUBLICACIÓN, DISTRIBUCIÓN, FABRICACIÓN Y COPYRIGHT |
| Producción, publicación, distribución, fabricación y copyright |
Chapingo, México : |
| Nombre del de productor, editor, distribuidor, fabricante |
El autor, |
| Fecha de producción, publicación, distribución, fabricación o copyright |
2012 |
| 300 ## - DESCRIPCIÓN FÍSICA |
| Extensión |
x, 81 hojas : |
| Otras características físicas |
ilustraciones, gráficas, diagramas, tablas, fotos + |
| Material acompañante/anejo |
1 CD-ROM |
| 336 ## - TIPO DE CONTENIDO |
| Fuente |
rdacontent |
| Término de tipo de contenido |
texto |
| Código de tipo de contenido |
txt |
| 337 ## - TIPO DE MEDIO |
| Fuente |
rdamedia |
| Nombre/término del tipo de medio |
no mediado |
| Código del tipo de medio |
n |
| 338 ## - TIPO DE SOPORTE |
| Fuente |
rdacarrier |
| Nombre/término del tipo de soporte |
volumen |
| Código del tipo de soporte |
nc |
| 500 ## - NOTA GENERAL |
| Nota general |
El CD contiene el reporte |
| 502 ## - NOTA DE TESIS |
| Nota de tesis |
Tesis |
| Tipo de título |
(Ingeniero Agroindustrial) -- |
| Nombre de la institución que otorga el título |
UACh. Departamento de Ingeniería Agroindustrial, |
| Año de obtención del título |
2012 |
| 504 ## - NOTA DE BIBLIOGRAFÍA, ETC. |
| Nota de bibliografía, etc. |
Bibliografía: hojas 65-70 |
| 520 3# - SUMARIO, ETC. |
| Sumario, etc. |
Los tubérculos de papa sembrados en climas fríos y con afecciones por la enfermedad de la “punta morada de la papa” presentan mayores contenidos de azúcares, por lo que sus frituras son de color oscuro y sabor amargo. Con el objetivo de modificar estos compuestos se optimizó la aplicación de un tratamiento térmico alcalino (nixtamalización) en los tubérculos, previo al freído de las rodajas. Se emplearon papas de la variedad Fianna y el clon 99-4. Se elaboraron pruebas preliminares para obtener valores de la concentración de hidróxido de calcio y tiempo de nixtamalización. En las papas fritas se evaluó el rendimiento, fracturabilidad y color. A partir de los resultados de las pruebas preliminares se seleccionaron dos tratamientos para su optimización. En los tubérculos frescos, nixtamalizados y en frituras se determinaron los cambios en el contenido de calcio, sodio, potasio, azúcares (solubles totales y reductores) y aceite. Se realizó una evaluación sensorial para conocer el efecto de la nixtamalización en el sabor de las papas fritas, así como su aceptación y decisión de compra por parte de los consumidores. Los mejores tratamientos fueron los obtenidos de la variedad Fianna, con y sin piel, nixtamalizados con 1 % Ca(OH)2 y 10 min de nixtamalización. Aplicando la técnica de superficies de respuesta, se obtuvieron los tratamientos óptimos, para los tubérculos con piel: 1.06 % Ca(OH)2 y 10.96 min de nixtamalización, para los tubérculos sin piel: 1.21 % Ca(OH)2 y 6.74 min de nixtamalización. Con respecto a los tubérculos frescos, el contenido de calcio se incrementó en un 96.15 % en tubérculos nixtamalizados con piel y 230.44 % en tubérculos nixtamalizados sin piel, el contenido de azúcares reductores disminuyó 0.487 % en tubérculos nixtamalizados con piel y 1.26 % en tubérculos nixtamalizados sin piel. El contenido de aceite disminuyó en un 8 % en las papas fritas de los tratamientos optimizados con respecto al testigo industrial. La nixtamalización no causó un cambio significativo (α = 0.05) en el sabor de las papas fritas. Las frituras nixtamalizadas sin piel fueron mejor aceptadas que las nixtamalizadas con piel; la aceptación global de las frituras se orientó por los atributos de color y sabor. La decisión de compra se incrementó de 15-45 % en papas fritas nixtamalizadas con piel y 14-42 % en nixtamalizadas sin piel. -- |
| 520 3# - SUMARIO, ETC. |
| Sumario, etc. |
Potato tubers grown in cold climates and with affections for "the potato purple top disease" have higher sugar contents, for that reason their chips are dark and bitter taste. With the aim to modify these compounds, an alkali heat treatment (nixtamalization) in tubers, previous to frying the slices, was optimized. Variety Fianna and clone 99-4 were used in this study. Preliminary tests were developed for find the appropriate values of calcium hydroxide concentration and the time of nixtamalization. The yield, fracturability and color were evaluated in the chips. From the results of preliminary tests, two treatments were selected for the optimization. In the fresh tubers, tubers nixtamalized and chips, were determined the changes in calcium, sodium, potassium, sugars (total soluble and reducing) and oil contents. A sensory evaluation was doing to determine the effect of nixtamalization in the taste of chips, also an acceptance testing and purchase decision testing by consumers. The best treatments were those obtained from the variety Fianna, with and without peel, nixtamalized with 1% Ca(OH)2 and 10 min of nixtamalization. Applying the response surface methodology, the optimal treatments were identified, for the tubers with peel: 1.06% Ca(OH)2 and 10.96 min of nixtamalization, for the tubers without peel: 1.21% Ca(OH)2 and 6.74 min of niztamalization. From the fresh tubers, the calcium content increased by 96.15% in nixtamalized tubers with peel and 239.55% in nixtamalized tubers without peel, the reducing sugar content decreased by 0,487% in tubers nixtamalized with peel and 1.26% in tubers nixtamalized without peel. The oil content decreased by 8% in the chips of the optimized treatments compared with the industrial control. Nixtamalization did not do a significant change (α = 0.05) in the taste of chips. The chips nixtamalized without peel were better accepted than the chips nixtamalized with peel, the global acceptance of the chips was guided by the color and flavor attributes. The decision to purchase was increased by 15-45% in chips nixtamalized with peel and 14-42% in chips nixtamalized without peel. |
| 650 13 - PUNTO DE ACCESO ADICIONAL DE MATERIA--TÉRMINO DE MATERIA |
| Término de materia o nombre geográfico como elemento de entrada |
Fritura |
| Fuente del encabezamiento o término |
atg |
| 650 13 - PUNTO DE ACCESO ADICIONAL DE MATERIA--TÉRMINO DE MATERIA |
| Término de materia o nombre geográfico como elemento de entrada |
Nixtamalización |
| Fuente del encabezamiento o término |
atg |
| 650 13 - PUNTO DE ACCESO ADICIONAL DE MATERIA--TÉRMINO DE MATERIA |
| Término de materia o nombre geográfico como elemento de entrada |
Papa |
| Fuente del encabezamiento o término |
atg |
| 650 13 - PUNTO DE ACCESO ADICIONAL DE MATERIA--TÉRMINO DE MATERIA |
| Término de materia o nombre geográfico como elemento de entrada |
Nixtamalization |
| Fuente del encabezamiento o término |
atg |
| 650 13 - PUNTO DE ACCESO ADICIONAL DE MATERIA--TÉRMINO DE MATERIA |
| Término de materia o nombre geográfico como elemento de entrada |
Frying |
| Fuente del encabezamiento o término |
atg |
| 650 13 - PUNTO DE ACCESO ADICIONAL DE MATERIA--TÉRMINO DE MATERIA |
| Término de materia o nombre geográfico como elemento de entrada |
Potatoes |
| Fuente del encabezamiento o término |
atg |
| 700 1# - PUNTO DE ACCESO ADICIONAL--NOMBRE DE PERSONA |
| Nombre de persona |
Vázquez Carrillo, María Gricelda |
| Término indicativo de función/relación |
directora |
| 700 1# - PUNTO DE ACCESO ADICIONAL--NOMBRE DE PERSONA |
| Nombre de persona |
Hernández Montes, Arturo |
| Término indicativo de función/relación |
asesor |
| 700 1# - PUNTO DE ACCESO ADICIONAL--NOMBRE DE PERSONA |
| Nombre de persona |
Ybarra Moncada, Ma. Carmen |
| Término indicativo de función/relación |
asesora |
| 856 41 - LOCALIZACIÓN Y ACCESO ELECTRÓNICOS |
| Identificador Uniforme del Recurso |
<a href="http://10.13.5.2/tesis/115153.pdf">http://10.13.5.2/tesis/115153.pdf</a> |
| Texto de enlace |
DESCARGAR PDF |
| 901 ## - ELEMENTOS DE DATOS A LOCAL LDA (RLIN) |
| a |
TESIS R63 2012 |
| 942 ## - ELEMENTOS DE PUNTO DE ACCESO ADICIONAL (KOHA) |
| Tipo de ítem Koha |
TESIS |
| Fuente del sistema de clasificación o colocación |
Clasificación Universidad Autónoma Chapingo |
| 902 ## - ELEMENTOS DE DATOS B LOCAL, LDB (RLIN) |
| a |
M |
| 905 ## - ELEMENTOS DE DATOS E LOCAL, LDE (RLIN) |
| a |
5232272012 mx aml 8212223322spa16 |